Normal view MARC view
  • PHARMACEUTICAL DOSAG FORMS : PARENTERAL MEDICATION VOL-

Entry Personal Name

Number of records used in: 1

001 - CONTROL NUMBER

  • control field: 7744

003 - CONTROL NUMBER IDENTIFIER

  • control field: JRU

005 - DATE AND TIME OF LATEST TRANSACTION

  • control field: 20230403160852.0

008 - FIXED-LENGTH DATA ELEMENTS

  • fixed length control field: 230403|| aca||aabn | a|a d

040 ## - CATALOGING SOURCE

  • Original cataloging agency: JRU
  • Transcribing agency: JRU

100 ## - HEADING--PERSONAL NAME

  • Personal name: PHARMACEUTICAL DOSAG FORMS : PARENTERAL MEDICATION VOL-

670 ## - SOURCE DATA FOUND

  • Source citation: Work cat.: (JRU)8283: PHARMACEUTICAL DOSAG FORMS : PARENTERAL MEDICATION VOL-, PHARMACEUTICAL DOSAG FORMS : PARENTERAL MEDICATION VOL-3 REGULATION ,VALIDATION AND THE FUTURE